Statistics for Riverdale (Season 1) Trivia Quiz

Click here to take the quiz!

General Stats

  • This quiz has been taken 1,561 times
  • The average score is 6 of 8

Answer Stats

Trivia QuestionsAnswer% Correct
What is the name of Betty's sister?Polly Cooper
99%
What is the name band that Josie is the head of?The Pussycats
89%
What was the name of the teacher that Archie was having an affair with?Miss Grundy
85%
What is the name of the school paper Betty writes for?The Blue and Gold
76%
What is the name of the river in which Jason Blossom's body was found?Sweetwater River
72%
What is the name of the Blossom's mansion?Thornhill
69%
What is the name of the 'home for troubled youths' Betty's sister was sent to?Sisters of Quiet Mercy
50%
What is F.P's full name?Forsythe Pendleton
35%

Score Distribution

Percentile by Number Answered

Percent of People with Each Score

Your Score History

You have not taken this quiz